| 000 | 00000nam 2200000za 4500 |
| 001 | 9.818150 |
| 003 | CaOODSP |
| 005 | 20221107142640 |
| 007 | cr ||||||||||| |
| 008 | 160520s1976 oncabo #o f001 0 eng d |
| 020 | |q(paper) |z0-660-00514-X |
| 040 | |aCaOODSP|beng |
| 043 | |an-cn-on|an-cn-qu |
| 086 | 1 |aA43-1593/1976E-PDF |
| 100 | 1 |aRockburne, Eric W. |
| 245 | 14|aThe cutworm moths of Ontario and Quebec |h[electronic resource] / |cEric W. Rockburne and J. Donald Lafontaine ; photographs by Thomas H. Stovell. |
| 260 | |aOttawa : |bResearch Branch, Canada Department of Agriculture, |c1976. |
| 300 | |a164 p. : |bill. (some col.), map |
| 500 | |aThe catalogue number (A43-1593/1976) and ISBN (0-660-00514-X) for the print edition have been copied in this electronic publication |
| 500 | |aHistorical publication digitized from the collection of Agriculture and Agri-Food Canada. |
| 504 | |aIncludes bibliographic references and index. |
| 692 | 07|2gccst|aInsects |
| 692 | 07|2gccst|aButterflies |
| 700 | 1 |aLafontaine, J. Donald. |
| 710 | 1 |aCanada.|bAgriculture Canada.|bResearch Branch. |
| 856 | 40|qPDF|s7.71 MB|uhttps://publications.gc.ca/collections/collection_2016/aac-aafc/agrhist/A43-1593-1976-eng.pdf |
| 986 | |aPublication 1593 |